Skład mistrzów świata z 2010 roku. - Statystyki

Ogólne statystyki
  • Ten quiz został rozwiązany 151 razy
  • Średni wynik to 9 z 11
Statystyki odpowiedzi
# Zawodnik pozycja % Poprawnych
8 Andres Iniesta PS
98%
6 Xavi ŚP
97%
1 Iker Casillas BR
96%
5 Carles Puyol ŚO
94%
7 David Villa N
89%
15 Sergio Ramos PO
89%
3 Gerard Pique ŚO
85%
16 Sergio Busquets ŚPD
82%
14 Xabi Alonso ŚPD
82%
11 Pedro LS
67%
11 Joan Capdevilla LO
59%
Nie znaleziono quizów pasujących do podanych kryteriów
Rozkład punktacji
Procent ludzi z każdym wynikiem
Percentyl według liczby udzielonych odpowiedzi
Twoja historia wyników
Nie rozwiązałeś tego quizu